| 000 | 00787nam a22002177a 4500 | ||
|---|---|---|---|
| 005 | 20140214112147.0 | ||
| 008 | 140214b xxu||||| |||| 00| 0 spa d | ||
| 041 | _aspa | ||
| 044 | _ack | ||
| 082 |
_a591.7 _bG98p |
||
| 100 | 1 |
_aGutierrez, Ruth _94234 |
|
| 245 | 1 | 0 |
_aPotenciales del uso de fauna silvestre en Colombia _cRuth Gutiérrez... [et al]. |
| 260 |
_aBogotá _bInstituto de Investigación de Recursos Biológicos Alexander von Humboldt _bMinisterio del Medio Ambiente _cs.f. |
||
| 300 |
_a36 p. _bil. _c22 cm. x 28 cm. |
||
| 650 |
_aFauna _zColombia _96102 |
||
| 650 |
_aEcología animal _zColombia _96103 |
||
| 650 | 6 |
_aConservación de la vida silvestre _zColombia _96104 |
|
| 700 | 1 |
_aMartínez, Aleyda _96105 |
|
| 700 | 1 |
_aMoreno, Rocío del Pilar _94535 |
|
| 942 |
_2ddc _cImpreso |
||
| 999 |
_c8109 _d8109 |
||